000
00324nam a22001457a 4500
008
221011b ||||| |||| 00| 0 eng d
020
_a
0870410520
041
_a
eng
080
_2
10TH EDITION
_a
579
082
_a
579 JAW
100
_a
17
101
_a
MIKR
245
_a
MEDICAL MICROBIOLOGY
_c
JAWETZ E
942
_2
udc
_c
BK
999
_c
58472
_d
58472